| 000 | 00375cam a2200145ua 4500 | ||
|---|---|---|---|
| 041 |
_aeng _h |
||
| 082 |
_a828 _bSWI/SA |
||
| 100 | _aSwift, Jonathan . | ||
| 245 |
_aSatires and personal writings / _cSwift,Jonathan. _hTextual Documents |
||
| 260 |
_aMumbai : _bOxford & IBH Book Company , _c1962. |
||
| 300 | _a499 ; . | ||
| 504 | _a | ||
| 942 | _cBK | ||
| 999 |
_c12828 _d12828 |
||